00536nam a2200181Ia 450000500170000000800410001704000190005804100120007708200160008924500720010526000270017730000140020444000420021850400340026065000330029470000170032785000100034420230225120256.0131103s9999 xx 000 0 und d aLoreto College aEnglish a821.08bPAR aModern poertycSelected by E. W. Parker; with foreword by P. Gurrey aLondonbLongmansc1939 axv,360p.  aThe Heritage literature series; no.35 aIncludes index of first lines aEnglish Poetry - Collections aParker, E. W aLCLIB